Appalachian dulcimer traditions /

Bibliographic Details
Main Author: Smith, Ralph Lee, 1927-
Format: Book
Language:English
Published: Lanham, Md. : Scarecrow Press, 1997.
Series:American folk music and musicians ; no. 2.
Subjects:

MARC

Tag First Indicator Second Indicator Subfields
LEADER 00000cam a2200000 a 4500
001 in00001404035
005 20151020054307.0
008 970507s1997 mdua bk 001 0 eng
010 |a  97020990  
020 |a 0810833786 (cloth : alk. paper) 
035 |a (OCoLC)36909033 
035 |9 AHN1026AM 
040 |a DLC  |c DLC  |d TXA  |d UtOrBLW 
043 |a n-us--- 
049 |a TXAM 
050 0 0 |a ML1015.A6  |b S63 1997 
082 0 0 |a 787.7/4  |2 21 
100 1 |a Smith, Ralph Lee,  |d 1927- 
245 1 0 |a Appalachian dulcimer traditions /  |c Ralph Lee Smith. 
264 1 |a Lanham, Md. :  |b Scarecrow Press,  |c 1997. 
300 |a ix, 167 pages :  |b illustrations ;  |c 23 cm. 
336 |a text  |b txt  |2 rdacontent 
337 |a unmediated  |b n  |2 rdamedia 
338 |a volume  |b nc  |2 rdacarrier 
490 1 |a American folk music and folk musicians ;  |v no. 2 
504 |a Includes bibliographical references (pages 157-160), discographies, and index. 
650 0 |a Appalachian dulcimer  |x History. 
830 0 |a American folk music and musicians ;  |v no. 2. 
999 |a MARS 
999 f f |s b6167099-fd4c-38cd-9e97-a7ee10cdadeb  |i d3ead279-ebbd-3f0f-929a-ca7d75edad4a  |t 0 
952 f f |p ric  |a Texas A&M University  |b Rellis Campus  |c Joint Library Facility  |d Remote Storage  |t 0  |e ML1015.A6 S63 1997  |h Library of Congress classification  |i unmediated -- volume  |m A14822069899 
998 f f |a ML1015.A6 S63 1997  |t 0  |l Remote Storage